<?xml version="1.0" encoding="UTF-8"?>
<record
    xmlns:xsi="http://www.w3.org/2001/XMLSchema-instance"
    xsi:schemaLocation="http://www.loc.gov/MARC21/slim http://www.loc.gov/standards/marcxml/schema/MARC21slim.xsd"
    xmlns="http://www.loc.gov/MARC21/slim">

  <leader>02996nam a22003137a 4500</leader>
  <controlfield tag="003">NALT</controlfield>
  <controlfield tag="005">20251203140918.0</controlfield>
  <controlfield tag="008">230918b        th ||||| |||| 00| 0 tha d</controlfield>
  <datafield tag="020" ind1=" " ind2=" ">
    <subfield code="a">9786160037643</subfield>
  </datafield>
  <datafield tag="040" ind1=" " ind2=" ">
    <subfield code="a">NALT</subfield>
  </datafield>
  <datafield tag="050" ind1=" " ind2=" ">
    <subfield code="a">HJ 192.5</subfield>
    <subfield code="b">&#xE14;124&#xE19; 2562</subfield>
  </datafield>
  <datafield tag="100" ind1="0" ind2=" ">
    <subfield code="9">61693</subfield>
    <subfield code="a">&#xE14;&#xE19;&#xE38;&#xE27;&#xE31;&#xE28; &#xE2A;&#xE32;&#xE04;&#xE23;&#xE34;&#xE01;</subfield>
  </datafield>
  <datafield tag="245" ind1="1" ind2="0">
    <subfield code="a">&#xE19;&#xE42;&#xE22;&#xE1A;&#xE32;&#xE22;&#xE01;&#xE32;&#xE23;&#xE04;&#xE25;&#xE31;&#xE07;&#xE43;&#xE19;&#xE22;&#xE38;&#xE04;&#xE40;&#xE28;&#xE23;&#xE29;&#xE10;&#xE01;&#xE34;&#xE08;&#xE14;&#xE34;&#xE08;&#xE34;&#xE17;&#xE31;&#xE25; /</subfield>
    <subfield code="c">&#xE14;&#xE19;&#xE38;&#xE27;&#xE31;&#xE28; &#xE2A;&#xE32;&#xE04;&#xE23;&#xE34;&#xE01;.</subfield>
  </datafield>
  <datafield tag="246" ind1="3" ind2="4">
    <subfield code="a">Fiscal policy in digital economy ERA</subfield>
  </datafield>
  <datafield tag="250" ind1=" " ind2=" ">
    <subfield code="a">&#xE1E;&#xE34;&#xE21;&#xE1E;&#xE4C;&#xE04;&#xE23;&#xE31;&#xE49;&#xE07;&#xE17;&#xE35;&#xE48; 1.</subfield>
  </datafield>
  <datafield tag="260" ind1=" " ind2=" ">
    <subfield code="a">&#xE01;&#xE23;&#xE38;&#xE07;&#xE40;&#xE17;&#xE1E;&#xE2F; :</subfield>
    <subfield code="b">&#xE42;&#xE04;&#xE23;&#xE07;&#xE01;&#xE32;&#xE23;&#xE40;&#xE2D;&#xE01;&#xE2A;&#xE32;&#xE23;&#xE41;&#xE25;&#xE30;&#xE15;&#xE33;&#xE23;&#xE32; &#xE04;&#xE13;&#xE30;&#xE23;&#xE31;&#xE10;&#xE1B;&#xE23;&#xE30;&#xE28;&#xE32;&#xE2A;&#xE19;&#xE28;&#xE32;&#xE2A;&#xE15;&#xE23;&#xE4C; &#xE2A;&#xE16;&#xE32;&#xE1A;&#xE31;&#xE19;&#xE1A;&#xE31;&#xE13;&#xE11;&#xE34;&#xE15;&#xE1E;&#xE31;&#xE12;&#xE19;&#xE1A;&#xE23;&#xE34;&#xE2B;&#xE32;&#xE23;&#xE28;&#xE32;&#xE2A;&#xE15;&#xE23;&#xE4C;,</subfield>
    <subfield code="c">2562.</subfield>
  </datafield>
  <datafield tag="300" ind1=" " ind2=" ">
    <subfield code="a">271 &#xE2B;&#xE19;&#xE49;&#xE32; :</subfield>
    <subfield code="b">&#xE15;&#xE32;&#xE23;&#xE32;&#xE07;, &#xE20;&#xE32;&#xE1E;&#xE1B;&#xE23;&#xE30;&#xE01;&#xE2D;&#xE1A; ;</subfield>
    <subfield code="c">24 &#xE0B;&#xE21;.</subfield>
  </datafield>
  <datafield tag="505" ind1="1" ind2=" ">
    <subfield code="a">&#xE1A;&#xE17;&#xE17;&#xE35;&#xE48; 1 &#xE19;&#xE42;&#xE22;&#xE1A;&#xE32;&#xE22;&#xE01;&#xE32;&#xE23;&#xE04;&#xE25;&#xE31;&#xE07;&#xE41;&#xE25;&#xE30;&#xE40;&#xE04;&#xE23;&#xE37;&#xE48;&#xE2D;&#xE07;&#xE21;&#xE37;&#xE2D;&#xE1E;&#xE37;&#xE49;&#xE19;&#xE10;&#xE32;&#xE19;&#xE17;&#xE32;&#xE07;&#xE01;&#xE32;&#xE23;&#xE04;&#xE25;&#xE31;&#xE07;&#xE43;&#xE19;&#xE01;&#xE32;&#xE23;&#xE1A;&#xE23;&#xE34;&#xE2B;&#xE32;&#xE23;&#xE40;&#xE28;&#xE23;&#xE29;&#xE10;&#xE01;&#xE34;&#xE08;&#xE21;&#xE2B;&#xE20;&#xE32;&#xE04; -- &#xE1A;&#xE17;&#xE17;&#xE35;&#xE48; 2 &#xE15;&#xE31;&#xE27;&#xE41;&#xE1A;&#xE1A;&#xE40;&#xE28;&#xE23;&#xE29;&#xE10;&#xE01;&#xE34;&#xE08;&#xE21;&#xE2B;&#xE20;&#xE32;&#xE04;&#xE41;&#xE25;&#xE30;&#xE15;&#xE31;&#xE27;&#xE0A;&#xE35;&#xE49;&#xE27;&#xE31;&#xE14;&#xE17;&#xE32;&#xE07;&#xE40;&#xE28;&#xE23;&#xE29;&#xE10;&#xE01;&#xE34;&#xE08;&#xE21;&#xE2B;&#xE20;&#xE32;&#xE04; -- &#xE1A;&#xE17;&#xE17;&#xE35;&#xE48; 3 &#xE40;&#xE28;&#xE23;&#xE29;&#xE10;&#xE01;&#xE34;&#xE08;&#xE14;&#xE34;&#xE08;&#xE34;&#xE17;&#xE31;&#xE25;&#xE43;&#xE19;&#xE21;&#xE38;&#xE21;&#xE21;&#xE2D;&#xE07;&#xE40;&#xE0A;&#xE34;&#xE07;&#xE40;&#xE28;&#xE23;&#xE29;&#xE10;&#xE28;&#xE32;&#xE2A;&#xE15;&#xE23;&#xE4C;&#xE21;&#xE2B;&#xE20;&#xE32;&#xE04; -- &#xE1A;&#xE17;&#xE17;&#xE35;&#xE48; 4 &#xE17;&#xE34;&#xE28;&#xE17;&#xE32;&#xE07;&#xE43;&#xE2B;&#xE21;&#xE48;&#xE02;&#xE2D;&#xE07;&#xE01;&#xE32;&#xE23;&#xE1A;&#xE23;&#xE34;&#xE2B;&#xE32;&#xE23;&#xE19;&#xE42;&#xE22;&#xE1A;&#xE32;&#xE22;&#xE01;&#xE32;&#xE23;&#xE04;&#xE25;&#xE31;&#xE07;&#xE43;&#xE19;&#xE22;&#xE38;&#xE04;&#xE14;&#xE34;&#xE08;&#xE34;&#xE17;&#xE31;&#xE25; -- &#xE1A;&#xE17;&#xE17;&#xE35;&#xE48; 5 &#xE01;&#xE32;&#xE23;&#xE43;&#xE0A;&#xE49;&#xE02;&#xE49;&#xE2D;&#xE21;&#xE39;&#xE25;&#xE41;&#xE1A;&#xE1A;&#xE40;&#xE23;&#xE35;&#xE22;&#xE25;&#xE44;&#xE17;&#xE21;&#xE4C;&#xE43;&#xE19;&#xE01;&#xE32;&#xE23;&#xE01;&#xE33;&#xE2B;&#xE19;&#xE14;&#xE19;&#xE42;&#xE22;&#xE1A;&#xE32;&#xE22;&#xE01;&#xE32;&#xE23;&#xE04;&#xE25;&#xE31;&#xE07; -- &#xE1A;&#xE17;&#xE17;&#xE35;&#xE48; 6 &#xE40;&#xE17;&#xE04;&#xE42;&#xE19;&#xE42;&#xE25;&#xE22;&#xE35;&#xE1A;&#xE25;&#xE47;&#xE2D;&#xE04;&#xE40;&#xE0A;&#xE19;&#xE2A;&#xE33;&#xE2B;&#xE23;&#xE31;&#xE1A;&#xE01;&#xE32;&#xE23;&#xE1A;&#xE23;&#xE34;&#xE2B;&#xE32;&#xE23;&#xE19;&#xE42;&#xE22;&#xE1A;&#xE32;&#xE22;&#xE01;&#xE32;&#xE23;&#xE04;&#xE25;&#xE31;&#xE07; -- &#xE1A;&#xE17;&#xE17;&#xE35;&#xE48; 7&#xE01;&#xE32;&#xE23;&#xE1B;&#xE23;&#xE30;&#xE22;&#xE38;&#xE01;&#xE15;&#xE4C;&#xE43;&#xE0A;&#xE49;&#xE40;&#xE17;&#xE04;&#xE42;&#xE19;&#xE42;&#xE25;&#xE22;&#xE35;&#xE1A;&#xE25;&#xE47;&#xE2D;&#xE04;&#xE40;&#xE0A;&#xE19;&#xE40;&#xE1E;&#xE37;&#xE48;&#xE2D;&#xE01;&#xE32;&#xE23;&#xE1E;&#xE31;&#xE12;&#xE19;&#xE32;&#xE40;&#xE28;&#xE23;&#xE29;&#xE10;&#xE01;&#xE34;&#xE08; -- &#xE1A;&#xE17;&#xE17;&#xE35;&#xE48; 8 &#xE40;&#xE17;&#xE04;&#xE42;&#xE19;&#xE42;&#xE25;&#xE22;&#xE35;&#xE14;&#xE34;&#xE08;&#xE34;&#xE17;&#xE31;&#xE25;&#xE41;&#xE25;&#xE30;&#xE01;&#xE32;&#xE23;&#xE08;&#xE31;&#xE14;&#xE40;&#xE01;&#xE47;&#xE1A;&#xE20;&#xE32;&#xE29;&#xE35; -- &#xE1A;&#xE17;&#xE17;&#xE35;&#xE48; 9 &#xE01;&#xE32;&#xE23;&#xE27;&#xE31;&#xE14;&#xE04;&#xE27;&#xE32;&#xE21;&#xE2A;&#xE32;&#xE21;&#xE32;&#xE23;&#xE16;&#xE43;&#xE19;&#xE01;&#xE32;&#xE23;&#xE41;&#xE02;&#xE48;&#xE07;&#xE02;&#xE31;&#xE19;&#xE02;&#xE2D;&#xE07;&#xE1B;&#xE23;&#xE30;&#xE40;&#xE17;&#xE28;&#xE43;&#xE19;&#xE22;&#xE38;&#xE04;&#xE14;&#xE34;&#xE08;&#xE34;&#xE17;&#xE31;&#xE25;.</subfield>
  </datafield>
  <datafield tag="650" ind1=" " ind2="4">
    <subfield code="9">11805</subfield>
    <subfield code="a">&#xE19;&#xE42;&#xE22;&#xE1A;&#xE32;&#xE22;&#xE01;&#xE32;&#xE23;&#xE04;&#xE25;&#xE31;&#xE07;</subfield>
  </datafield>
  <datafield tag="650" ind1=" " ind2="4">
    <subfield code="9">284</subfield>
    <subfield code="a">&#xE19;&#xE42;&#xE22;&#xE1A;&#xE32;&#xE22;&#xE2A;&#xE32;&#xE18;&#xE32;&#xE23;&#xE13;&#xE30;</subfield>
  </datafield>
  <datafield tag="650" ind1=" " ind2="4">
    <subfield code="9">430</subfield>
    <subfield code="a">&#xE01;&#xE32;&#xE23;&#xE1E;&#xE31;&#xE12;&#xE19;&#xE32;&#xE40;&#xE28;&#xE23;&#xE29;&#xE10;&#xE01;&#xE34;&#xE08;</subfield>
  </datafield>
  <datafield tag="650" ind1=" " ind2="4">
    <subfield code="9">30752</subfield>
    <subfield code="a">&#xE19;&#xE42;&#xE22;&#xE1A;&#xE32;&#xE22;&#xE40;&#xE28;&#xE23;&#xE29;&#xE10;&#xE01;&#xE34;&#xE08;            </subfield>
  </datafield>
  <datafield tag="650" ind1=" " ind2="4">
    <subfield code="9">19840</subfield>
    <subfield code="a">&#xE40;&#xE28;&#xE23;&#xE29;&#xE10;&#xE28;&#xE32;&#xE2A;&#xE15;&#xE23;&#xE4C;&#xE21;&#xE2B;&#xE20;&#xE32;&#xE04;</subfield>
  </datafield>
  <datafield tag="850" ind1=" " ind2=" ">
    <subfield code="a">NALT</subfield>
  </datafield>
  <datafield tag="942" ind1=" " ind2=" ">
    <subfield code="2">lcc</subfield>
    <subfield code="c">GB</subfield>
  </datafield>
  <datafield tag="996" ind1=" " ind2=" ">
    <subfield code="a">kornsiririn.r</subfield>
    <subfield code="b">CATSTF	</subfield>
    <subfield code="c">2023-09-18</subfield>
  </datafield>
  <datafield tag="996" ind1=" " ind2=" ">
    <subfield code="a">phornvitoo</subfield>
    <subfield code="b">CATSTF	</subfield>
    <subfield code="c">2023-10-28</subfield>
  </datafield>
  <datafield tag="999" ind1=" " ind2=" ">
    <subfield code="c">103180</subfield>
    <subfield code="d">103180</subfield>
  </datafield>
  <datafield tag="998" ind1=" " ind2=" ">
    <subfield code="j">8</subfield>
    <subfield code="k"> &#xE19;&#xE32;&#xE22;&#xE1A;&#xE31;&#xE13;&#xE11;&#xE34;&#xE15;  &#xE2D;&#xE38;&#xE17;&#xE32;&#xE27;&#xE07;&#xE04;&#xE4C;</subfield>
  </datafield>
  <datafield tag="952" ind1=" " ind2=" ">
    <subfield code="0">0</subfield>
    <subfield code="1">0</subfield>
    <subfield code="2">lcc</subfield>
    <subfield code="4">0</subfield>
    <subfield code="7">0</subfield>
    <subfield code="8">CSEN</subfield>
    <subfield code="a">NALT</subfield>
    <subfield code="b">NALT</subfield>
    <subfield code="c">GEN</subfield>
    <subfield code="d">2023-09-18</subfield>
    <subfield code="l">2</subfield>
    <subfield code="m">2</subfield>
    <subfield code="o">HJ 192.5 &#xE14;124&#xE19; 2562</subfield>
    <subfield code="p">0100010602001</subfield>
    <subfield code="r">2025-12-17 00:00:00</subfield>
    <subfield code="s">2025-12-03</subfield>
    <subfield code="w">2023-09-18</subfield>
    <subfield code="y">GB</subfield>
  </datafield>
</record>
